00446 2200157 4500001002100000005001500021035002000036245009600056100002200152300001200174260004600186082000800232084001400240020002200254990001200276INLIS00000000000259620250605021721 a0010-06250001821 aSuper Modul KSN Fisika 2 :bGetaran & Gelombang, Optik & Termodinamika /cHenry Setya Budhi0 aHenry Setya Budhi a215 hlm aJakarta :bPT. Jakarta Sains Media,c2022 a530 a530 HEN s a978-623-6111-45-1 a0754853